The diving beetle

Bibliographic Details
Main Author: Oda,Hidetomo
Format: Book
Published: Unknow : Raintree , 1986
Series:Nature close-ups
Subjects:

MARC

LEADER 00000cam a2200000 7i4500
001 0000071440
005 20170312.0
008 170312
020 |a 0817225331 
090 0 0 |a NH   |b ENG 
100 1 |a Oda,Hidetomo 
245 1 0 |a The diving beetle   |c Hidetomo Oda 
260 |a Unknow :   |b Raintree ,   |c 1986 
490 1 |a Nature close-ups 
650 0 |a Dytiscidae-juvenile literature 
999 |a 0000754635   |b Book   |c Children Collection   |e Cawangan Pontian 
999 |a 000754634   |b Book   |c Children Collection   |e Cawangan Batu Pahat